Tunnista eläin zoomatusta kuvasta I - Statistics

Yleistilastot
  • Tätä visaa on pelattu 156 kertaa
  • Keskiarvotulos 6 / 8
Vastaustilastot
Kuvavisa Vastaus % Oikein
karhu
95%
jääkarhu
93%
valas
86%
alligaattori
84%
majava
66%
papukaija
61%
biisoni
42%
capybara
36%
Ehtoja vastaavia visoja ei löytynyt
Tulosjakauma
Jokaisen tuloksen saaneiden osuus
Persentiili vastausten määrän mukaan
Tuloshistoriasi
Et ole pelannut tätä visaa